Memory power plus! /
The Sharper Mind is packed with proven, practical techniques and simple exercises you can use to increase your memory, focus concentration, enhance creativity, and boost your learning potential, as well as remember names, numbers, dates, and important facts with speed and accuracy; perform even comp...
Saved in:
| Main Author: | |
|---|---|
| Format: | Book |
| Language: | English |
| Published: |
Paramas, N.J. :
Prentice Hall,
c1997.
|
| Subjects: |
| LEADER | 01957cam a2200301 a 4500 | ||
|---|---|---|---|
| 001 | c000294808 | ||
| 003 | CARM | ||
| 005 | 20100216154119.0 | ||
| 008 | 970606s1997 nju 001 0 eng d | ||
| 010 | |a 97023321 | ||
| 019 | 1 | |a 13301723 |5 LACONCORD2021 | |
| 020 | |a 0132420740 (hardback) | ||
| 035 | |a (OCoLC)37156054 |5 LACONCORD2021 | ||
| 040 | |a TOC |b eng |c TOC |d TOC | ||
| 050 | 0 | 0 | |a BF385 |b .C45 1997 |
| 082 | 0 | 4 | |a 153.14 |2 21 |
| 100 | 1 | |a Chernow, Fred B. | |
| 245 | 1 | 0 | |a Memory power plus! / |c Fred B. Chernow. |
| 260 | |a Paramas, N.J. : |b Prentice Hall, |c c1997. | ||
| 300 | |a xii, 292 p. ; |c 24 cm. | ||
| 500 | |a Includes index. | ||
| 505 | 0 | |a Ch. 1. Unlocking Your Memory Power -- Ch. 2. Building Memory Associations -- Ch. 3. Boosting Your Learning Potential -- Ch. 4. Remembering What You Hear and Read -- Ch. 5. Making Others Remember What You Say and Write -- Ch. 6. Conquering Absentmindedness -- Ch. 7. Recalling Numbers with Speed and Accuracy -- Ch. 8. Using Five Surefire Techniques for Remembering Names -- Ch. 9. Age-Proofing Your Memory -- Ch. 10. Mental Math Shortcuts -- Ch. 11. Mental Creativity Boosters -- Ch. 12. Mental Aerobics Workouts. | |
| 520 | |a The Sharper Mind is packed with proven, practical techniques and simple exercises you can use to increase your memory, focus concentration, enhance creativity, and boost your learning potential, as well as remember names, numbers, dates, and important facts with speed and accuracy; perform even complex calculations instantly with mental math shortcuts; conquer absent-mindedness and forgetfulness; develop mental agility with the help of a "mental aerobics workout"; and age-proof your memory. | ||
| 650 | 0 | |a Mnemonics. | |
| 650 | 0 | |a Memory. | |
| 852 | 8 | |b CARM |h A3:AI04A0 |i B11536 |p 0554523 |f BK | |
| 999 | f | f | |i ebb31bdb-48f2-5bc5-b1f2-a0e65cdb52da |s dc3a5b98-032a-5aa5-b0bb-80ed1f033c92 |
| 952 | f | f | |p Can circulate |a CAVAL |b CAVAL |c CAVAL |d CARM 1 Store |e B11536 |f A3:AI04A0 |h Other scheme |i book |m 0554523 |